书目信息 |
| 题名: |
网络地理信息系统原理与技术
|
|
| 作者: | 孟令奎 , 史文中 , 张鹏林 编著 | |
| 分册: | ||
| 出版信息: | 北京 科学出版社 2005.03 |
|
| 页数: | 295页 | |
| 开本: | 26cm | |
| 丛书名: | 地理信息系统理论与应用丛书 | |
| 单 册: | ||
| 中图分类: | P208 | |
| 科图分类: | ||
| 主题词: | 地理信息系统--计算机网络--应用 | |
| 电子资源: | ||
| ISBN: | 7-03-015122-4 | |
| 000 | 01084nam 2200277 450 | |
| 001 | 0156471938 | |
| 005 | 20050925144324.35 | |
| 010 | @a7-03-015122-4@dCNY30.00 | |
| 100 | @a20050502d2005 km y0chiy0120 ea | |
| 101 | 0 | @achi |
| 102 | @aCN@b110000 | |
| 105 | @aa a 000yy | |
| 200 | 1 | @a网络地理信息系统原理与技术@Awang luo di li xin xi xi tong yuan li yu ji shu@f孟令奎, 史文中, 张鹏林编著@Fmeng ling kui,shi wen zhong,zhang peng lin bian zhu |
| 210 | @a北京@c科学出版社@d2005.03 | |
| 215 | @a295页@c图@d26cm | |
| 225 | 2 | @a地理信息系统理论与应用丛书 |
| 320 | @a有书目 (第283-285页)。 | |
| 330 | @a全书分为9章, 分别阐述了GIS的发展、计算机网络基础、网络GIS数据存储技术、WebGIS技术、移动GIS技术、网格GIS技术以及网络GIS工程技术与工程管理、常用网络GIS软件介绍等内容。 | |
| 410 | 0 | @12001 @a地理信息系统理论与应用丛书 |
| 606 | 0 | @a地理信息系统@x计算机网络@x应用 |
| 690 | @aP208@v4 | |
| 701 | 0 | @a孟令奎@Ameng ling kui@4编著 |
| 701 | 0 | @a史文中@Ashi wen zhong@4编著 |
| 701 | 0 | @a张鹏林@Azhang peng lin@4编著 |
| 801 | 0 | @aCN@bbQSSK@c20050925 |
| 905 | @a10447@dP208@eM588 | |
| 网络地理信息系统原理与技术/孟令奎, 史文中, 张鹏林编著.-北京:科学出版社,2005.03 |
| 295页:图;26cm.-(地理信息系统理论与应用丛书) |
| ISBN 7-03-015122-4:CNY30.00 |
| 全书分为9章, 分别阐述了GIS的发展、计算机网络基础、网络GIS数据存储技术、WebGIS技术、移动GIS技术、网格GIS技术以及网络GIS工程技术与工程管理、常用网络GIS软件介绍等内容。 |
| ● |
| 相关链接 |
|
|
|
正题名:网络地理信息系统原理与技术
索取号:P208/M588
 
预约/预借
| 序号 | 登录号 | 条形码 | 馆藏地/架位号 | 状态 | 备注 |
| 1 | 543126 | 205431264 | 社科二线400B/400B社科库 4排2列5层/ [索取号:P208/M588] | 在馆 | |
| 2 | 543127 | 205431273 | 自科库401/401自科库 117排1列6层/ [索取号:P208/M588] | 在馆 | |
| 3 | 543128 | 205431282 | 社科二线400B/400B社科库 4排2列5层/ [索取号:P208/M588] | 在馆 | |
| 4 | 572369 | 205723699 | 自科库401/401自科库 116排1列1层/ [索取号:P208/M588] | 在馆 | |
| 5 | 572370 | 205723706 | 自科库401/401自科库 116排1列1层/ [索取号:P208/M588] | 在馆 |